MARC details
| 000 -CABECERA |
| campo de control de longitud fija |
01215cam a2200325 a 4500 |
| 001 - NÚMERO DE CONTROL |
| campo de control |
000011896 |
| 005 - FECHA Y HORA DE LA ÚLTIMA TRANSACCIÓN |
| campo de control |
20200929162616.0 |
| 008 - DATOS DE LONGITUD FIJA--INFORMACIÓN GENERAL |
| campo de control de longitud fija |
970317s1997 mauabc 000 0 eng |
| 010 ## - NÚMERO DE CONTROL DE LA BIBLIOTECA DEL CONGRESO |
| Número de control de LC |
97012875 |
| 020 ## - NÚMERO INTERNACIONAL ESTÁNDAR DEL LIBRO |
| Número Internacional Estándar del Libro |
0070076995 (pbk. : alk. paper) |
| 040 ## - FUENTE DE LA CATALOGACIÓN |
| Centro catalogador/agencia de origen |
DO-SdBNP |
| Centro/agencia transcriptor |
DLC |
| Centro/agencia modificador |
DLC |
| 041 07 - CÓDIGO DE LENGUA |
| Código de lengua del texto/banda sonora o título independiente |
eng |
| Código de lengua original |
spa |
| 043 ## - CÓDIGO DE ÁREA GEOGRÁFICA |
| Código de área geográfica |
e-sp--- |
| -- |
cl----- |
| 082 ## - NÚMERO DE LA CLASIFICACIÓN DECIMAL DEWEY |
| Número de clasificación |
468.6 |
| Número de documento/Ítem |
B845p |
| 049 ## - FONDOS LOCALES (OCLC) |
| Fondos de biblioteca |
BNGR |
| 100 1# - ENTRADA PRINCIPAL--NOMBRE DE PERSONA |
| Nombre de persona |
Bretz, Mary Lee. |
| 9 (RLIN) |
28130 |
| 245 10 - MENCIÓN DE TÍTULO |
| Título |
Pasajes. |
| Nombre de parte o sección de la obra |
Cultura / |
| Mención de responsabilidad, etc. |
Mary Lee Bretz, Trisha Dvorak, Carl Kirschner ; contribuyentes Miryam Criado ... [et al.]. |
| 250 ## - MENCIÓN DE EDICIÓN |
| Mención de edición |
4. ed. |
| 260 ## - PUBLICACIÓN, DISTRIBUCIÓN, ETC. |
| Lugar de publicación, distribución, etc. |
Boston, Massachusetts : |
| Nombre del editor, distribuidor, etc. |
McGraw Hill, |
| Fecha de publicación, distribución, etc. |
1997. |
| 300 ## - DESCRIPCIÓN FÍSICA |
| Extensión |
xvii, 310 p. : |
| Otras características físicas |
il., map., retr. ; |
| Dimensiones |
26 cm. |
| 500 ## - NOTA GENERAL |
| Nota general |
"Este es un libro de EBI"--T.p. verso. |
| 546 ## - NOTA DE LENGUA/LENGUAJE |
| Nota de lengua/lenguaje |
English and Spanish. |
| 650 #4 - PUNTO DE ACCESO ADICIONAL DE MATERIA--TÉRMINO DE MATERIA |
| Término de materia o nombre geográfico como elemento de entrada |
Lengua española |
| Subdivisión general |
Lectores |
| -- |
Civilización hispánica |
| 9 (RLIN) |
28131 |
| 650 #4 - PUNTO DE ACCESO ADICIONAL DE MATERIA--TÉRMINO DE MATERIA |
| Término de materia o nombre geográfico como elemento de entrada |
Civilización hispánica |
| 9 (RLIN) |
28132 |
| 700 1# - PUNTO DE ACCESO ADICIONAL--NOMBRE DE PERSONA |
| Nombre de persona |
Dvorak, Trisha. |
| 9 (RLIN) |
28133 |
| 700 1# - PUNTO DE ACCESO ADICIONAL--NOMBRE DE PERSONA |
| Nombre de persona |
Kirschner, Carl, |
| Fechas asociadas al nombre |
1948- |
| 9 (RLIN) |
28134 |
| 856 42 - LOCALIZACIÓN Y ACCESO ELECTRÓNICOS |
| Especificación de materiales |
Descripción editorial |
| Identificador Uniforme del Recurso |
<a href="http://www.loc.gov/catdir/description/mh022/97012875.html">http://www.loc.gov/catdir/description/mh022/97012875.html</a> |
| 856 41 - LOCALIZACIÓN Y ACCESO ELECTRÓNICOS |
| Especificación de materiales |
Tabla de contenido |
| Identificador Uniforme del Recurso |
<a href="http://www.loc.gov/catdir/toc/mh022/97012875.html">http://www.loc.gov/catdir/toc/mh022/97012875.html</a> |
| 910 ## - DATOS DE OPCIÓN DEL USUARIO (OCLC) |
| Datos de opción del usuario |
Catalogación derivada / LC |